Satraps, Coalitions and Power Games/ (Record no. 214403)

MARC details
000 -LEADER
fixed length control field 00571nam a22001937a 4500
005 - DATE AND TIME OF LATEST TRANSACTION
control field 20260121151251.0
010 ## - LCCN (DPL NO)
LC control number ENG-147615
020 ## - INTERNATIONAL STANDARD BOOK NUMBER
International Standard Book Number 9788119670154
Terms of availability 595.00
035 ## - SYSTEM CONTROL NUMBER
System control number EN-131147
037 ## - SOURCE OF ACQUISITION
Source of stock number/acquisition DBAD
082 ## - DEWEY DECIMAL CLASSIFICATION NUMBER
Classification number 158.1
Edition number 1
100 ## - MAIN ENTRY--PERSONAL NAME
Personal name Aron, Sunita
245 ## - TITLE STATEMENT
Title Satraps, Coalitions and Power Games/
Statement of responsibility, etc Sunita Aron
250 ## - EDITION STATEMENT
Edition statement 1
260 ## - PUBLICATION, DISTRIBUTION, ETC. (IMPRINT)
Place of publication, distribution, etc New Delhi
Name of publisher, distributor, etc Vitasta Publishing
Date of publication, distribution, etc 2025
270 ## - ADDRESS
Address 2/15,Ansari Road,Daryaganj,
City New Delhi
Postal code 110002
Electronic mail address vitastapublishing.com
300 ## - PHYSICAL DESCRIPTION
Extent 244p.
Dimensions 22cm(hb)
942 ## - ADDED ENTRY ELEMENTS (KOHA)
Source of classification or shelving scheme Dewey Decimal Classification
Item type English Books
Classification part 158.1
Call number suffix ARO
Holdings
Withdrawn status Lost status Not for loan Collection code Home library Current library Date acquired Source of acquisition Cost, normal purchase price Full call number Barcode Copy number Cost, replacement price Koha item type
      Non-fiction Sarojini Nagar Sarojini Nagar 21/01/2026 Delivery of Books Act Division 595.00 158.1 ARO EN-131147 1 595.00 English Books

© Delhi Public Library
Hit Counter
free hit counter